| 000 | 00827cam a22002535a 4500 | ||
|---|---|---|---|
| 001 | 14175887 | ||
| 005 | 20201128023608.0 | ||
| 008 | 051121t2006 enk frb f001 0 eng d | ||
| 020 | _a019929609X (alk. paper) | ||
| 020 | _a9780199296095 (alk. paper) | ||
| 040 |
_aDLC _cDLC _dBWKUK _dBAKER _dUKM _dCOO _dDLC _dEG-ScBUE _beng |
||
| 082 | 0 | 4 |
_a320.01 _222 _bWOL |
| 100 | 1 |
_aWolff, Jonathan. _938516 |
|
| 245 | 1 | 3 |
_aAn introduction to political philosophy / _cJonathan Wolff. |
| 250 | _aRevised ed. | ||
| 260 |
_aOxford ; _aNew York : _bOxford University Press, _cc.2006. |
||
| 300 |
_aviii, 215 p. ; _c22 cm. |
||
| 500 | _aIndex : p. [211]-215. | ||
| 504 | _aBibliography : p. [200]-209. | ||
| 650 | 7 |
_aPolitical Science _xPhilosophy. _2BUEsh _9684 |
|
| 653 |
_bBUSBOL _cOctober2015 |
||
| 655 |
_vText book _933728 |
||
| 942 | _2ddc | ||
| 999 |
_c20929 _d20901 |
||